| 000 | 01107cad a22002055a 4500 | ||
|---|---|---|---|
| 001 | L146453 | ||
| 008 | 090122s2008 xxk f 000 0 eng d | ||
| 035 | _a(Sirsi) u146453 | ||
| 041 | 0 | _aeng | |
| 050 | 0 | 4 | _a333.33 $2 18 |
| 110 | 2 |
_aDeloitte _95633 |
|
| 245 | 0 | 0 |
_aRevisiting retail globalization _h[electronic resource] |
| 260 |
_aLondon _bDeloitte _c2008 |
||
| 520 | _aIn light of the world economic downturn, offers advice to retailers interested in being global companies on learning from the many failures of retail companies to expand worldwide. Considers why so many retailers have failed outside their home markets and identifies good practice. Concludes that the economic downturn means that many companies will have to go global to survive and thrive and that the challenge for retailers is to find the right formula for how to do this. | ||
| 590 | _aKA | ||
| 651 | 4 | _aInternational | |
| 690 | _aPROPERTY-COMMERCIAL PROPERTY-COMMERCIAL PROPERTY MARKET | ||
| 856 | 4 | 0 |
_uhttps://www.deloitte.com/dtt/article/0,1002,cid%253D239882,00.html/ _zView the report at www.deloitte.com... |
| 942 | _n0 | ||
| 999 |
_c109176 _d109176 |
||